[Event "Capablanca Memorial op 43rd"]
[Site "Havana"]
[Date "2008.05.11"]
[Round "4"]
[White "Garcia Carey, Osmel"]
[Black "Guerra Mojena, Leandro"]
[Result "1/2-1/2"]
[WhiteElo "2376"]
[BlackElo "2176"]
[PlyCount "69"]
[EventDate "2008.05.08"]
[EventType "swiss"]
[EventRounds "10"]
[EventCountry "CUB"]
[SourceTitle "CBM 124 Extra"]
[Source "ChessBase"]
[SourceDate "2008.07.03"]
[SourceVersion "1"]
[SourceVersionDate "2008.07.03"]
[SourceQuality "1"]

1. Nf3 Nf6 2. c4 c5 3. b3 e6 4. Bb2 b6 5. g3 Bb7 6. Bg2 Be7 7. 0-0 Nc6 8. d4 Nxd4 9. Nxd4 Bxg2 10. Kxg2 cxd4 11. Qxd4 0-0 12. e4 d6 13. Nc3 Qc7 14. Rad1 Rfd8 15. f3 Qc6 16. Rd2 a6 17. Rc1 Ne8 18. Qe3 Bf6 19. Ne2 Bxb2 20. Rxb2 Qb7 21. Rd2 b5 22. Rdc2 bxc4 23. Rxc4 d5 24. exd5 Rxd5 25. Nc3 Rd7 26. Ne4 Rad8 27. R1c2 Nd6 28. Nxd6 Rxd6 29. Rc7 Qd5 30. Qe4 Qd1 31. Qe2 Qd5 32. Rc8 Qb7 33. Rxd8+ Rxd8 34. Qe4 Qd7 35. Qc6 1/2-1/2

[Event "Capablanca Memorial op 43rd"]
[Site "Havana"]
[Date "2008.05.10"]
[Round "3"]
[White "Lebredo Zaragoitia, Gerardo"]
[Black "Garcia Carey, Osmel"]
[Result "1-0"]
[WhiteElo "2246"]
[BlackElo "2376"]
[PlyCount "81"]
[EventDate "2008.05.08"]
[EventType "swiss"]
[EventRounds "10"]
[EventCountry "CUB"]
[SourceTitle "CBM 124 Extra"]
[Source "ChessBase"]
[SourceDate "2008.07.03"]
[SourceVersion "1"]
[SourceVersionDate "2008.07.03"]
[SourceQuality "1"]

1. Nf3 Nf6 2. d4 e6 3. c4 c5 4. d5 exd5 5. cxd5 d6 6. Nc3 g6 7. e4 Bg7 8. Bd3 0-0 9. h3 Na6 10. 0-0 Nc7 11. Re1 a6 12. a4 Rb8 13. a5 b5 14. axb6 Rxb6 15. Nd2 Rb4 16. Nc4 Nfe8 17. Na2 Rb8 18. Bd2 Nb5 19. Nc3 Qh4 20. e5 Bb7 21. Re4 Qd8 22. Nxb5 axb5 23. Ba5 Qd7 24. Nb6 Qe7 25. Bxb5 dxe5 26. Nd7 Nd6 27. Nxb8 Rxb8 28. Bd3 Nxe4 29. Bxe4 Qd6 30. g4 Bc8 31. Bc3 f5 32. gxf5 gxf5 33. Bg2 e4 34. Qd2 Bh6 35. Be5 Qxe5 36. Qxh6 Qxd5 37. Qg5+ Kf7 38. Qh5+ Kg7 39. Rd1 Qf7 40. Qg5+ Qg6 41. Qe7+ 1-0